Most Common First Names in the United States - O - Statistics

General Stats
  • This quiz has been taken 365 times
  • The average score is 9 of 20
Answer Stats
Hint Answer % Correct
456 Olive
95%
352 Olivia
92%
319 Oliver
88%
151 Oscar
71%
670 Ollie
64%
497 Ollie
64%
410 Owen
52%
858 Ophelia
47%
340 Omar
44%
277 Olga
35%
504 Otto
34%
346 Opal
28%
599 Ola
27%
494 Ora
27%
316 Otis
26%
430 Orville
24%
332 Orlando
19%
767 Odessa
17%
694 Odell
15%
704 Ofelia
6%
No matching quizzes found
Score Distribution
Percent of People with Each Score
Percentile by Number Answered
Your Score History
You have not taken this quiz